Normal view
MARC view
Entry Nombre personal
001 - NÚMERO DE CONTROL
- campo de control: 23556
003 - IDENTIFICADOR DEL NÚMERO DE CONTROL
- campo de control: BNPHU
005 - FECHA Y HORA DE LA ÚLTIMA TRANSACCIÓN
- campo de control: 20240305094429.0
008 - DATOS DE LONGITUD FIJA
- campo de control de longitud fija: 200615|| aca||aabn | a|a d
040 ## - FUENTE DE LA CATALOGACIÓN
- Centro catalogador/agencia de origen: DO-SdBNP
- Lengua de catalogación: spa
- Centro/agencia transcriptor: BNPHU
- Normas de descripción: rda
100 1# - ENCABEZAMIENTO-NOMBRE DE PERSONA
- Nombre de persona: Cabral, Manuel del,
- Fechas asociadas al nombre: 1907-1999
370 ## - LUGAR ASOCIADO
- Lugar de nacimiento: Santiago de los Caballeros (República Dominicana)
- Lugar de fallecimiento: Santo Domingo (República Dominicana)
374 ## - OCUPACIÓN
- Ocupación: Escritor
- Ocupación: Diplomata
375 ## - GÉNERO/SEXO
- Género/Sexo: Masculino
377 ## - LENGUA/LENGUAJE ASOCIADO
- Código del idioma: spa
400 1# - TRAZADO DE VÉASE--NOMBRE DE PERSONA
- Nombre de persona: Del Cabral, Manuel,
- Fechas asociadas al nombre: 1907-1999
670 ## - FUENTE DE DATOS ENCONTRADOS
- Cita de la fuente: Work cat.: (OSt)8725: Breve antología de la poesía dominicana /, 2004.
670 ## - FUENTE DE DATOS ENCONTRADOS
- Cita de la fuente: Biografía de un silencio, 1940.
670 ## - FUENTE DE DATOS ENCONTRADOS
- Cita de la fuente: Antología poesía, 2002:
670 ## - FUENTE DE DATOS ENCONTRADOS
- Cita de la fuente: Permanencia inmaterial, 2011
